| 000 | 01033nam a2200325Ia 4500 | ||
|---|---|---|---|
| 001 | Para_7520 | ||
| 003 | CHAP | ||
| 008 | 220125s1940 xx 000 0 und d | ||
| 010 | _a206408 | ||
| 040 | _cCHAP | ||
| 082 | _aPA-C 632 B85 | ||
| 100 | _aYoung, V. H. | ||
| 245 |
_aSeed treatments ffor corn, oats and barley in Arkansas / _c by V. H. Young and C. K. McClelland |
||
| 260 |
_aFayetteville, Arkansas : _b Universityof Arkansas. College of Agrriculture. Agricultural Experiment Station |
||
| 300 | _a27 p. | ||
| 440 |
_aBulletin ; 389 _9172675 |
||
| 500 | _aEnc. con impresos similares | ||
| 650 |
_aCebada _x semilla _920708 |
||
| 650 |
_aFitopatología _x colecciones de escritos _9172523 |
||
| 650 |
_aMaíz _x semilla _971059 |
||
| 650 |
_aSemillas _x investigación _9103907 |
||
| 700 | _aMcClelland, C. K. | ||
| 901 | _aPA-C 632 B85 | ||
| 902 | _aA | ||
| 905 | _a0000001940 a 0000000000 00 | ||
| 910 | _a1940 | ||
| 942 | _cPARA | ||
| 942 |
_cPARA _d1 |
||
| 999 |
_c206408 _d206408 |
||